header

The school counseling and school social work treatment planner (Record no. 78181)

MARC details
000 -LEADER
fixed length control field 02380nam a2200385 a 4500
082 04 - DEWEY DECIMAL CLASSIFICATION NUMBER
Classification number 371.4
100 1# - MAIN ENTRY--AUTHOR NAME
Personal name Knapp, Sarah Edison.
245 14 - TITLE STATEMENT
Title The school counseling and school social work treatment planner
250 ## - EDITION STATEMENT
Edition statement 2nd ed.
260 ## - PUBLICATION, DISTRIBUTION, ETC. (IMPRINT)
Place of publication Hoboken, N.J. :
Name of publisher Wiley,
Year of publication 2012.
300 ## - PHYSICAL DESCRIPTION
Number of Pages xviii, 403 p.
490 1# - SERIES STATEMENT
Series statement Practice planners
520 ## - SUMMARY, ETC.
Summary, etc "School-aged children (grades K - 12) are often faced with personal problems that can hinder their ability to succeed in the school environment. This Treatment Planner focuses on school-related problems such as study and organizational skill deficits and academic motivation/underachievement, as well as "outside" issues such as blended families and substance abuse. This new edition features empirically supported, evidence-based treatment interventions including coverage of disruptive classroom behaviors, reinforcing student success, bullying, peer conflict, and school violence. School and mental health professionals are provided with all the elements necessary to quickly and easily develop formal treatment plans that satisfy the demands of HMOs, managed care companies, third-party payors, and state and federal review agencies"--
650 #0 - SUBJECT ADDED ENTRY--TOPICAL TERM
Topical Term School psychology
Topical Term School social work
Topical Term Educational counseling
700 1# - ADDED ENTRY--PERSONAL NAME
Personal name Jongsma, Arthur E.,
856 40 - ELECTRONIC LOCATION AND ACCESS
Uniform Resource Identifier http://site.ebrary.com/lib/rucke/Doc?id=10575537
520 ## - SUMMARY, ETC.
-- Provided by publisher.

No items available.

© 2026 Rongo University
Contact us: librarian | system librarian | Rongo university